Introductory management science : decision modeling with spreadsheets /

Guardado en:
Otros Autores: Eppen, Gary D., 1936-
Formato: Libro
Idioma:English
Publicado: Upper Saddle River, N.J. : Prentice Hall, c1998.
Edición:5th ed.
Materias:
Etiquetas: Agregar Etiqueta
Sin Etiquetas, Sea el primero en etiquetar este registro!
LEADER 01256cam a22003255a 4500
001 EAD.ead001074
008 970708s1998####njua#####b####001#0#eng##
005 20150303124848.0
245 0 0 |a Introductory management science :  |b decision modeling with spreadsheets /  |c G.D. Eppen ... [et al.]. 
250 |a 5th ed. 
260 |a Upper Saddle River, N.J. :  |b Prentice Hall,  |c c1998. 
300 |a xxvii, 702, [60] p :  |b il. (algunas col.) ;  |c 26 cm. +  |e 1 CD-ROM. 
538 |a Requerimientos del sistema: PC compatible ; Windows 3.1 o superior. 
504 |a Incluye referencias bibliográficas e índice. 
020 |a 0138893950 
700 1 |a Eppen, Gary D.,  |d 1936- 
246 3 0 |a Management science 
082 0 4 |a 658.4034  |2 21 
082 0 0 |a 658.4/033  |2 21 
650 7 |a Investigación de operaciones.  |2 unbist 
650 7 |a Programación lineal.  |2 unbist 
650 7 |a Análisis de redes.  |2 unbist 
650 7 |a Método PERT.  |2 unbist 
650 7 |a Teoría de la alineación.  |2 unbist 
653 |a Pronósticos 
010 |a  97018316  
040 |a DLC  |c DLC  |d DLC 
050 0 0 |a HD30.25  |b .I63 1998 
859 |a AR-BaBDC  |b BIB. ADMINISTRACION - Libros  |h 658.4034  |i Ep72-2a5  |p b04570 
859 |a AR-BaBDC  |b BIB. ADMINISTRACION - Libros  |h 658.4034  |i Ep72-2a5  |p b04586  |t Ej.2